<?xml version="1.0" encoding="UTF-8"?>
<record
    xmlns:xsi="http://www.w3.org/2001/XMLSchema-instance"
    xsi:schemaLocation="http://www.loc.gov/MARC21/slim http://www.loc.gov/standards/marcxml/schema/MARC21slim.xsd"
    xmlns="http://www.loc.gov/MARC21/slim">

  <leader>01186nas a22003017a 4500</leader>
  <controlfield tag="001">85830</controlfield>
  <controlfield tag="005">20260421114425.0</controlfield>
  <controlfield tag="008">260421s1931    sp w|||| |||| 00| 0 spa d</controlfield>
  <datafield tag="040" ind1=" " ind2=" ">
    <subfield code="a">M-RABA</subfield>
    <subfield code="b">spa</subfield>
    <subfield code="c">M-RABA</subfield>
  </datafield>
  <datafield tag="080" ind1=" " ind2=" ">
    <subfield code="a">PM 784.3.085.321(05)</subfield>
  </datafield>
  <datafield tag="080" ind1=" " ind2=" ">
    <subfield code="a">PM 786.2.085(05)</subfield>
  </datafield>
  <datafield tag="245" ind1="0" ind2="3">
    <subfield code="a">La Revista sonora</subfield>
  </datafield>
  <datafield tag="260" ind1=" " ind2=" ">
    <subfield code="a">[Barcelona </subfield>
    <subfield code="b">: s.n.</subfield>
    <subfield code="c">, 1931] </subfield>
  </datafield>
  <datafield tag="300" ind1=" " ind2=" ">
    <subfield code="a">v. </subfield>
    <subfield code="c">32 cm </subfield>
  </datafield>
  <datafield tag="310" ind1=" " ind2=" ">
    <subfield code="a">Semanal</subfield>
  </datafield>
  <datafield tag="362" ind1="0" ind2=" ">
    <subfield code="6">n&#xBA; 1 [(1931)]- </subfield>
  </datafield>
  <datafield tag="500" ind1="0" ind2="0">
    <subfield code="a">Dirigida por: Compradito (pseud&#xF3;nimo de Diego Jim&#xE9;nez de Letang) </subfield>
  </datafield>
  <datafield tag="500" ind1="0" ind2="0">
    <subfield code="a">Descripci&#xF3;n basada en: n. 2 [1931]</subfield>
  </datafield>
  <datafield tag="510" ind1="3" ind2=" ">
    <subfield code="a">Jacinto Torres Mulas. Las publicaciones peri&#xF3;dicas musicales en Espa&#xF1;a (1812-1990): estudio cr&#xED;tico-bibliogr&#xE1;fico y repertorio general. Instituto de Bibliograf&#xED;a Musical (Madrid), 1991</subfield>
  </datafield>
  <datafield tag="580" ind1=" " ind2=" ">
    <subfield code="a">T&#xED;tulos relacionados: El Tango de moda ; La Canci&#xF3;n de moda</subfield>
  </datafield>
  <datafield tag="594" ind1=" " ind2=" ">
    <subfield code="a">T&#xED;tulo tomado de la cubierta </subfield>
  </datafield>
  <datafield tag="650" ind1=" " ind2="0">
    <subfield code="a">M&#xFA;sica-</subfield>
    <subfield code="z">Espa&#xF1;a-</subfield>
    <subfield code="v">Publicaciones peri&#xF3;dicas</subfield>
    <subfield code="9">96865</subfield>
  </datafield>
  <datafield tag="655" ind1=" " ind2="7">
    <subfield code="a">Publicaciones peri&#xF3;dicas.</subfield>
    <subfield code="9">54133</subfield>
  </datafield>
  <datafield tag="700" ind1="1" ind2=" ">
    <subfield code="a">Jim&#xE9;nez de Letang, D.</subfield>
    <subfield code="9">42667</subfield>
    <subfield code="e">director de la publicaci&#xF3;n</subfield>
  </datafield>
  <datafield tag="852" ind1=" " ind2=" ">
    <subfield code="a">M-RABA</subfield>
    <subfield code="j">rEV-2384</subfield>
  </datafield>
  <datafield tag="866" ind1=" " ind2=" ">
    <subfield code="a">[1931], n. 2, 3, 11</subfield>
  </datafield>
  <datafield tag="942" ind1=" " ind2=" ">
    <subfield code="c">PERIODICAS</subfield>
    <subfield code="n">0</subfield>
  </datafield>
  <datafield tag="952" ind1=" " ind2=" ">
    <subfield code="0">0</subfield>
    <subfield code="1">0</subfield>
    <subfield code="2">ddc</subfield>
    <subfield code="4">0</subfield>
    <subfield code="7">0</subfield>
    <subfield code="8">REVISTAS</subfield>
    <subfield code="a">RABASF</subfield>
    <subfield code="b">RABASF</subfield>
    <subfield code="d">2026-04-21</subfield>
    <subfield code="l">0</subfield>
    <subfield code="o">Rev-2384</subfield>
    <subfield code="p">1097055</subfield>
    <subfield code="r">2026-04-21 11:42:32</subfield>
    <subfield code="w">2026-04-21</subfield>
    <subfield code="y">PERIODICAS</subfield>
  </datafield>
  <datafield tag="999" ind1=" " ind2=" ">
    <subfield code="c">85830</subfield>
    <subfield code="d">85830</subfield>
  </datafield>
</record>
